01241nam a2200265 i 450000100060000000300090000600500170001500700030003200800410003508000370007608000370011308000370015010000410018724501960022826001100042430000440053460000580057865500480063670000380068471000350072285200600075794200080081799900170082595201330084242436ES-MaACL20250821063019.0t|151207s2011 sp ||||1| spa d a74 Kovatchev, Valentin (083.824) a75 Kovatchev, Valentin (083.824) a76 Kovatchev, Valentin (083.824)1 aKovatchev, Valentin, d1953-915791510aDos almas, una esencia : bdel 25 de mayo al 25 de junio de 2011 : Sala de Exposiciones del Rectorado, Universidad de Málaga / cValentin Kovatchev ; [comisariado, Rosario Escobar Segovia]. a[Málaga] : bUniversidad de Málaga, Vicerrectorado de Cultura y Relaciones Institucionales, c[ 2011] a77 p. : bil. col. y n. ; c28 x 24 cm.17aKovatchev, Valentin, d1953- vExposiciones29157916 72tgfbne9193628aCatálogos de exposiciones1 aEscobar Segovia, Rosario.91582842 aUniversidad de Málaga.97219 aES-MaACLjA-13461944002bR.150540cDEPO1dOlim: N-6461 2udc c42436d42436 00102udc4070aATENEOMbATENEOMcDEPO1d2015-12-07eDONACIONl0oA-13461p1194551r2023-02-23 00:00:00w2023-02-23yMONOGRAFIA